000 00301nam a22001337a 4500
008 170419b xxu||||| |||| 00| 0 eng d
020 _a9780534504427
041 _aeng
080 _a573
100 _a11
101 _aSHM
245 _aBIOLOGY CONCEPTS AND APPLICATIONS
_cSTARR, C
942 _2udc
_cBK
999 _c11204
_d11204